Titoli di film che contengono città #5 - Statistics

Statistiche generali
  • Questo quiz è stato fatto 40 volte
  • Il punteggio medio è 3 su 10
Statistiche sulle risposte
Titoli dei film (incompleti) Anno Città % Corretto
Natale a ________ 2006 New York
79%
Lo strangolatore di ________ 2023 Boston
58%
Quel treno per ________ 2007 Yuma
52%
________ Cafè 1987 Baghdad
36%
Vivere e morire a ________ 1985 Los Angeles
33%
________ trema: la polizia vuole giustizia 1973 Milano
33%
________ Express 1989 Marrakech
21%
Bad company - protocollo ________ 2002 Praga
18%
La morte è discesa a ________ 1947 Hiroshima
9%
Passaporto per ________ 1943 Suez
9%
Nessun quiz corrispondente trovato
Distribuzione punteggi
Percentuale di utenti per punteggio
Percentile per numero di risposta
I tuoi punteggi nel tempo
Non hai fatto questo quiz